| 000 | 00696nam a22001937a 4500 | ||
|---|---|---|---|
| 001 | 85147 | ||
| 003 | BD-RjUL | ||
| 005 | 20250708164712.0 | ||
| 008 | 250708s1983 ii ||||| |||| 00| 0 urd d | ||
| 035 | _a(BD-RjUL)85147 | ||
| 040 |
_aBD-RjUL _beng _cBD-RjUL |
||
| 041 | _aurd | ||
| 082 |
_223 _a891.43909 _bAHU 1983 |
||
| 100 |
_a Aḥmad, Kalīmuddīn ;; احمد., کلىمالدىں _d 1908-1983 _915937 |
||
| 245 | 1 | 0 |
_aاردو تنقىد پر اىک نظر : مع اضافه جدىد / Urdū tanqīd par ek naz̤ar : maʻ iẓāfah jadīd / _c:کلىمالدىں احمد. Kalīmuddin Aḥmad |
| 260 |
_aPatna : _bBook impreem, _c1983 |
||
| 300 |
_a480 p. ; _c17 cm |
||
| 942 |
_2ddc _cBK |
||
| 999 |
_c85147 _d85147 |
||